| 000 -LEADER |
| fixed length control field |
00442nam a2200157Ia 4500 |
| 003 - CONTROL NUMBER IDENTIFIER |
| control field |
OSt |
| 008 - FIXED-LENGTH DATA ELEMENTS--GENERAL INFORMATION |
| fixed length control field |
220308s9999 xx 000 0 und d |
| 020 ## - INTERNATIONAL STANDARD BOOK NUMBER |
| International Standard Book Number |
9783869227061 |
| 082 ## - DEWEY DECIMAL CLASSIFICATION NUMBER |
| Classification number |
720.92 |
| Item number |
ALE |
| 100 ## - MAIN ENTRY--PERSONAL NAME |
| Personal name |
Bykov, Alex, 1985- |
| 245 #0 - TITLE STATEMENT |
| Title |
Soviet modernism, brutalism, post-modernism : buildings and structures in Ukraine 1955-1991 |
| 260 ## - PUBLICATION, DISTRIBUTION, ETC. (IMPRINT) |
| Name of publisher, distributor, etc |
DOM Publishers (1 November 2018) |
| 365 ## - TRADE PRICE |
| Price type code |
EUR |
| 365 ## - TRADE PRICE |
| Unit of pricing |
78 |
| 942 ## - ADDED ENTRY ELEMENTS (KOHA) |
| Source of classification or shelving scheme |
|